World Capitals Containing the Letter O - Statistics

General Stats
  • This quiz has been taken 7,511 times
  • The average score is 73 of 85
Answer Stats
Continent Country % Correct
Europe Oslo
98%
North America Ottawa
98%
Europe London
95%
Europe Lisbon
94%
Europe Rome
94%
South America Bogota
93%
Africa Cairo
93%
Europe Moscow
93%
North America Port-au-Prince
93%
South America Santiago
93%
North America Kingston
92%
North America Kingstown
92%
Europe San Marino
92%
North America Washington, DC
92%
South America Buenos Aires
91%
Europe Copenhagen
91%
South America Montevideo
91%
Oceania Port Moresby
91%
North America Port of Spain
91%
Europe Stockholm
91%
South America Georgetown
90%
North America Mexico City
90%
Europe Monaco
90%
Europe Andorra la Vella
89%
Europe Podgorica
89%
Africa Port Louis
89%
South America Quito
89%
North America Santo Domingo
89%
Asia Seoul
89%
Oceania Wellington
89%
North America San Jose
88%
South America Asunción
87%
Asia Hanoi
87%
Africa Porto-Novo
87%
Oceania Port-Vila
87%
Africa Pretoria
87%
Asia Pyongyang
87%
Europe Sofia
87%
Asia Tokyo
87%
Africa Lomé
86%
Europe Luxembourg
86%
Africa Mogadishu
86%
Africa Ouagadougou
86%
South America Paramaribo
86%
North America Saint George's
86%
Europe Sarajevo
86%
Asia Singapore
86%
Europe Skopje
86%
North America Bridgetown
85%
Africa Freetown
85%
North America Saint John's
85%
North America San Salvador
85%
Africa Windhoek
85%
Africa Cape Town
84%
Africa Gaborone
84%
Africa Khartoum
84%
Africa Maputo
84%
Africa Monrovia
84%
Asia Bangkok
83%
North America Belmopan
83%
Africa Dodoma
83%
Oceania Honiara
83%
Africa Sao Tome
83%
Africa Bamako
82%
Africa Nairobi
82%
Asia Phnom Penh
82%
North America Roseau
82%
Africa Antananarivo
81%
Asia Doha
81%
Africa Tripoli
81%
Africa Yaoundé
81%
Africa Conakry
80%
Africa Djibouti
80%
Africa Moroni
80%
Africa Malabo
79%
Asia Nicosia
79%
Africa Victoria
79%
Oceania Majuro
78%
Africa Nouakchott
78%
Africa Yamoussoukro
78%
Africa Bloemfontein
76%
Africa Lilongwe
76%
Asia Sri Jayawardenepura Kotte
75%
Oceania Nuku'alofa
73%
Oceania South Tarawa
70%
No matching quizzes found
Score Distribution
Percent of People with Each Score
Percentile by Number Answered
Your Score History
You have not taken this quiz